Statistics for Most Common Female First Names in Brazil

Click here to take the quiz!

General Stats

  • This quiz has been taken 21 times
  • The average score is 18 of 50

Answer Stats

HintName% Correct
MMaria
100%
AAna
93%
JJulia
73%
FFernanda
60%
AAdriana
53%
BBruna
53%
CCarla
53%
FFrancisca
53%
JJoana
53%
JJuliana
53%
LLaura
53%
BBeatriz
47%
CClaudia
47%
GGabriela
47%
LLuiza
47%
RRosa
47%
SSandra
47%
AAlessandra
40%
AAmanda
40%
AAngela
40%
LLeticia
40%
MMariana
40%
VVanessa
40%
AAlice
33%
AAntonia
33%
CCamila
33%
DDebora
33%
HHelena
33%
JJessica
33%
AAndreia
27%
LLarissa
27%
PPatricia
27%
RRenata
27%
RRita
27%
DDaniela
20%
FFabiana
20%
JJosefa
20%
LLuana
20%
LLuciana
20%
VVera
20%
AAline
13%
CCristiane
13%
LLuzia
13%
RRaquel
13%
VVitoria
13%
AAparecida
7%
EEliane
7%
RRaimunda
7%
SSimone
7%
RRosangela
0%

Score Distribution

Percentile by Number Answered

Percent of People with Each Score

Your Score History

You have not taken this quiz